logo

Bir Sreshtho Munshi Abdur Rouf Library
Jhenaidah Cadet College

Researching and writing / (Record no. 9255)

MARC details
000 -LEADER
fixed length control field 00927cam a2200313 a 4500
001 - CONTROL NUMBER
JCCL Control Number 9255
003 - CONTROL NUMBER IDENTIFIER
JCCL marc code BD-JhCC
005 - DATE AND TIME OF LATEST TRANSACTION
control field 20180312121356.0
008 - FIXED-LENGTH DATA ELEMENTS--GENERAL INFORMATION
fixed length control field 091214s2010 xnaa b 001 0 eng
020 ## - INTERNATIONAL STANDARD BOOK NUMBER
International Standard Book Number 9780455226781 (pbk.) :
Terms of availability $89.00
035 ## - SYSTEM CONTROL NUMBER
system control number (BD-JhCC)9255
040 ## - CATALOGING SOURCE
Original cataloging agency ANL
Modifying agency ANL
-- BD-JhCC
041 ## - LANGUAGE CODE
Language code of Book eng
082 04 - DEWEY DECIMAL CLASSIFICATION NUMBER
Classification number 340.072
DDC Edition number 22
Author mark and Year HUT 2010
100 1# - MAIN ENTRY--PERSONAL NAME
Personal name Hutchinson, Terry C. M.
245 10 - TITLE STATEMENT
Title Researching and writing /
Statement of responsibility, etc by Terry Hutchinson.
246 33 - VARYING FORM OF TITLE
Title proper/short title Researching & writing in law
250 ## - EDITION STATEMENT
Edition statement 3rd ed.
260 ## - PUBLICATION, DISTRIBUTION, ETC. (IMPRINT)
Place of publication, distribution, etc Pyrmont, N.S.W. :
Name of publisher, distributor, etc Lawbook Co. (Thomson Reuters),
Date of publication, distribution, etc c2010.
300 ## - PHYSICAL DESCRIPTION
Pagination xiii, 514 p. :
Other physical details ill. ;
Dimensions 24 cm.
500 ## - GENERAL NOTE
General note Previous ed.: 2006.
504 ## - BIBLIOGRAPHY, ETC. NOTE
Bibliography, etc Includes bibliographical references and index.
650 #0 - SUBJECT ADDED ENTRY--TOPICAL TERM
Topical term or geographic name as entry element Legal research
Geographic subdivision Australia.
650 #0 - SUBJECT ADDED ENTRY--TOPICAL TERM
Topical term or geographic name as entry element Legal research.
650 #0 - SUBJECT ADDED ENTRY--TOPICAL TERM
Topical term or geographic name as entry element Academic writing.
650 #0 - SUBJECT ADDED ENTRY--TOPICAL TERM
Topical term or geographic name as entry element Report writing.
942 ## - ADDED ENTRY ELEMENTS (KOHA)
Source of classification or shelving scheme Dewey Decimal Classification
Koha item type Books
Holdings
Source of classification or shelving scheme Damaged status Not for loan Home library Current library Shelving location Total Checkouts Full call number Barcode Date last seen Copy number Koha item type
Dewey Decimal Classification     JCC Rouf Library JCC Rouf Library General Stacks   340.072 HUT 2010 12229 03/12/2018 C - 1 Books

JCC Library | Contacts | JCC Home

Last Update on 23 September 2017
Copyright @ 2017-2020 JCC Rouf Library
Rouf Library, Jhenidah Cadet College (JCC), Bangladesh